Two Word TV Titles (2000s) Quiz Stats

 Plays Quiz Updated Nov 22, 2015

Challenge
Share
Tweet
Score 0/25 Timer 04:00
0 Plays Today
% Correct
Grey's
99.2%
Breaking
99%
Hannah
98.7%
Desperate
98.7%
Criminal
98.5%
Modern
98.4%
Gilmore
98.1%
American
98.1%
Prison
97.9%
The
97.9%
Mad
97.4%
Arrested
97%
Wife
96.7%
% Correct
30
95.8%
Nip
94.6%
True
94.4%
White
94.3%
Veronica
93.9%
Boston
92.9%
Peep
92.2%
Rescue
92.1%
The
91.5%
Teen
84.6%
Warehouse
84%
Big
79.4%

You're not logged in!

Compare scores with friends on all Sporcle quizzes.
OR
Log In

You Might Also Like...

Show Comments

Extras

Top Quizzes Today


Score Distribution

Your Account Isn't Verified!

In order to create a playlist on Sporcle, you need to verify the email address you used during registration. Go to your Sporcle Settings to finish the process.

Report this User

Report this user for behavior that violates our Community Guidelines.

Details: